Logo BPK

Biblioteka

Politechniki Koszalińskiej

Wynalazczość i ochrona własności intelektualnej : (Rekord nr 39430)

Szczegóły MARC
000 -ETYKIETA REKORDU
podpole kontrolne o stałej długości 01196nam a2200289 i 4500
001 - NUMER KONTROLNY REKORDU
pole kontrolne bg
003 - IDENTYFIKATOR NUMERU KONTROLNEGO REKORDU
podpole kontrolne BPK
005 - DATA OSTATNIEJ MODYFIKACJI REKORDU
podpole kontrolne 20210406085712.0
008 - POLE O STAŁEJ DŁUGOŚCI - DANE KONTROLNE
podpole kontrolne o stałej długości 000621s2000 pl |100 0 pol
015 ## - NUMER BIBLIOGRAFII NARODOWEJ
Numer bibliografii narodowej PB 2001/9376
020 ## - MIĘDZYNARODOWY ZNORMALIZOWANY NUMER KSIĄŻKI - ISBN
ISBN 8387423785
040 ## - ŹRÓDŁO KATALOGOWANIA
Instytucja, która sporządziła opis WA N
Instytucja, która utworzyła rekord BPK
041 0# - KOD JĘZYKA
Kod języka tekstu pol
080 ## - UNIWERSALNA KLASYFIKACJA DZIESIĘTNA - UKD
UKD 347.78
080 ## - UNIWERSALNA KLASYFIKACJA DZIESIĘTNA - UKD
UKD (06)
245 00 - TYTUŁ/ODPOWIEDZIALNOŚĆ
Tytuł Wynalazczość i ochrona własności intelektualnej :
Ciąg dalszy tytułu zbiór referatów z Seminarium Rzeczników Patentowych Szkół Wyższych pt: "Ochrona, obrót i egzekucja praw do wyników pracy intelektualnej" /
Pozostałe elementy strefy tytułu i oznaczenia odpowiedzialności [red. wyd. Renata Zawadzka].
260 ## - STREFA ADRESU WYDAWNICZEGO
Miejsce wydania Szczecin :
Nazwa wydawcy/dystrybutora Wydaw. Uczelniane Politechniki Szczecińskiej,
Data publikacji, dystrybucji/powstania dokumentu [2000].
300 ## - STREFA OPISU FIZYCZNEGO
Objętość 90, [1] s. ;
Rozmiary 29 cm.
500 ## - UWAGI OGÓLNE
Tekst uwagi U dołu okł. i s. tyt. : z. nr 22.
504 ## - UWAGA DOTYCZĄCA BIBLIOGRAFII
Informacje o bibliografii Bibliogr.
655 #4 - TERMIN INDEKSOWY - OKREŚLENIE RODZAJU/FORMY DOKUMENTU
Określenie rodzaju/formy dokumentu Materiały konferencyjne
650 #4 - HASŁO PRZEDMIOTOWE W FORMIE NAZWY OGÓLNEJ LUB JEDNOSTKOWEJ
Nazwa ogólna lub geograficzna Prawo autorskie
700 1# - HASŁO DODATKOWE - NAZWA OSOBOWA
Nazwa osobowa Zawadzka, Renata.
Określenie związku między hasłem a opisywanym materiałem Red.
711 2# - HASŁO DODATKOWE - NAZWA IMPREZY
Nazwa imprezy Seminarium Rzeczników Patentowych Szkół Wyższych pt: "Ochrona, obrót i egzekucja praw do wyników pracy intelektualnej"
Data imprezy (1999 ;
Miejsce imprezy Szczecin).
856 ## - LOKALIZACJA I DOSTĘP DO ELEKTRONICZNYCH DOKUMENTÓW ZDALNYCH
Link (URL) http://koha.tu.koszalin.pl/cgi-bin/koha/opac-detail.pl?biblionumber=39430
Tekst linku Katalog online BPK
942 ## - DODATKOWE ELEMENTY (KOHA)
Schemat klasyfikacji Uniwersalna Klasyfikacja Dziesiętna
Typ dokumentu Książka
Egzemplarze
Wycofany Status egzemplarza Uszkodzony Dostępność Lokalizacja stała Lokalizacja bieżąca Miejsce przechowywania Sygnatura Kod kreskowy Ostatnio wypożyczono Typ dokumentu
      Dostępny Biblioteka Politechniki Koszalińskiej Biblioteka Politechniki Koszalińskiej Wypożyczalnia BG 58753 01556193 11.01.2017 Książka
© 2023 Biblioteka Politechniki Koszalińskiej :: KOHA